00916nam a2200265Ia 4500001000700000003000500007008004100012010001100053020001800064040000900082082001700091245017700108260003200285300001600317500010000333503001800433504002700451650001600478650002700494650002500521650002000546700002800566700003300594700002300627Z_7077CHAP220113s9999 xx 000 0 und d a170350 a84-200-0924-5 cCHAP a639.3089 A28 aAcuicultura para veterinarios : produccion y clinica de peces /ceditor Lydia Brown; colaboradores Ian Anderson... [et al.]; traducción Ignacio de Blas Giral... [et al.] aEspaña :bAcribia,c  axiv, 445 p. aTraducción de la obra en inglés: Aquaculture for veterinarians: fish husbandry and medicine aej.1: consumo aIncluye bibliografía aAcuicultura aEenfermedades de peces aMedicina veterinaria aPeces de cría a Anderson, Ian, colab.  a Blas Giral, Ignacio de, tr. aBrown, Lydia, ed.